Feasibility study for an integrated timber complex at Kuala Pilah, Negeri Sembilan, Malaysia
| Corporate Author: | |
|---|---|
| Format: | Book |
| Published: |
Seremban, Negeri Sembilan :
Nestin Sendirian Berhad ,
1975
|
| Subjects: |
MARC
| LEADER | 00000cam a2200000 7i4500 | ||
|---|---|---|---|
| 001 | 0000001696 | ||
| 005 | 20011204.0 | ||
| 090 | 0 | 0 | |a 634.9 |b NES 1975 |
| 110 | 1 | 0 | |a NESTIN Sendirian Berhad |
| 245 | 1 | 0 | |a Feasibility study for an integrated timber complex at Kuala Pilah, Negeri Sembilan, Malaysia |c Heilborn Engineering |
| 260 | 0 | 0 | |a Seremban, Negeri Sembilan : |b Nestin Sendirian Berhad , |c 1975 |
| 300 | |a iv, 286 p. ; |c 30 cm. | ||
| 650 | 0 | 0 | |a Forests and forestry |z Negeri Sembilan |
| 998 | |a JPSM | ||
| 999 | |a 0000002787 |b Monograph |c Open Shelf |e Default branch | ||